Statistics for Top 100 WWE Wrestlers of all Time

Click here to take the quiz!

General Stats

  • This quiz has been taken 8,460 times
    (3,482 since last reset)
  • The average score is 38 of 100

Answer Stats

#1-100WWE Wrestler% Correct
8John Cena
93%
2The Undertaker
91%
6The Rock
88%
3Triple H
88%
9Hulk Hogan
86%
100Roman Reigns
83%
4Stone Cold Steve Austin
82%
27Kane
81%
10Randy Orton
81%
5Shawn Michaels
79%
51Seth Rollins
74%
36Brock Lesnar
73%
11Edge
72%
47Big Show
71%
7Ric Flair
71%
19Rey Mysterio
70%
12Bret "The Hitman" Hart
63%
18Andre the Giant
62%
24Batista
62%
49Dean Ambrose
61%
59CM Punk
60%
1Jeff Hardy
59%
15Chris Jericho
57%
99The Miz
56%
14Kurt Angle
55%
13Macho Man Randy Savage
55%
48Matt Hardy
53%
17Ultimate Warrior
53%
50Christian
50%
22Eddie Guerrero
49%
20Mick Foley
48%
54AJ Styles
47%
23Chris Benoit
47%
83Kofi Kingston
46%
85Sheamus
46%
57Daniel Bryan
45%
40Goldberg
44%
76Mark Henry
43%
29Razor Ramon
41%
53Kevin Nash
40%
74Yokozuna
39%
25Booker T
38%
45Rob Van Dam
38%
31Owen Hart
37%
80Bobby Lashley
35%
61JBL
35%
30Lita
34%
35Sting
34%
26Trish Stratus
34%
32Becky Lynch
33%
34Bruno Sammartino
33%
78Charlotte Flair
32%
33Dusty Rhodes
31%
95Rikishi
31%
92X-Pac
30%
16Rowdy Roddy Piper
29%
87The Great Khali
29%
68Chyna
27%
55Finn Balor
27%
43Goldust
26%
84Sasha Banks
26%
97Umaga
26%
37Ted Dibiase
25%
38Jake "The Snake" Roberts
23%
46Bob Backlund
22%
21Ricky Steamboat
22%
62Bubba Ray Dudley
21%
91Lex Luger
21%
39Mr. Perfect
21%
60British Bulldog Davey Boy Smith
19%
56Sgt. Slaughter
19%
63D-Von Dudley
18%
79Iron Sheik
18%
28Jimmy "Superfly" Snuka
18%
88MVP
18%
65John Morrison
17%
81Vader
17%
77Big Boss Man
16%
44Rick Rude
15%
42Shelton Benjamin
15%
73Beth Phoenix
14%
82Paige
13%
52Test
13%
66William Regal
13%
93Asuka
12%
67Buddy Rogers
12%
86Hornswoggle & Finlay
12%
72Honky Tonk Man
11%
94King Kong Bundy
11%
89Superstar Billy Graham
11%
75Sycho Sid
10%
98The Boogeyman
10%
90Big John Studd
9%
58Tommy Dreamer
9%
41Mickie James
8%
70Terry Funk
8%
71Fabulous Moolah
7%
96Greg "The Hammer" Valentine
7%
64Ivan Koloff
6%
69Don Muraco
5%

Score Distribution

Percentile by Number Answered

Percent of People with Each Score

Your Score History

You have not taken this quiz since the last reset